=LDR 00000nam 2200000 4500 =001 INLIS000000000036174 =005 20251023013008 =035 ##$$a 0010-061300000036174 =008 251023###########################0#ind## =041 ##$$a Ind =082 ##$$a 028.5 =090 ##$$a F Rom K, Phi m =100 ##$$a Philippe =245 1#$$a Michel Vallant Kairo /$c Philippe, Jean Graton ; alih bahasa, Maretta Kartika Sari ; editor, Nien Djokosuratno S =260 ##$$a Jakarta :$b Gramedia Pustaka Utama,$c 2011 =300 ##$$a 47 hlm : $b ilus ; $c 25 cm =650 #4$$a Fiksi Kartun =700 #$$a Sari, Maretta Kartika =850 ##$$a NBPNMAT =084 ##$$a 028.5 PHI m =020 ##$$a 978-979-27-5303-5 =990 ##$$a 94307/BPAP-NTB/2014 =990 ##$$a 21101230 =990 ##$$a 21101230 =990 ##$$a 94307/BPAP-NTB/2014